<?xml version="1.0" encoding="UTF-8"?>
<record
    xmlns:xsi="http://www.w3.org/2001/XMLSchema-instance"
    xsi:schemaLocation="http://www.loc.gov/MARC21/slim http://www.loc.gov/standards/marcxml/schema/MARC21slim.xsd"
    xmlns="http://www.loc.gov/MARC21/slim">

  <leader>00901cam a2200277 a 4500</leader>
  <controlfield tag="001">17430423</controlfield>
  <controlfield tag="003">OSt</controlfield>
  <controlfield tag="005">20150408114138.0</controlfield>
  <controlfield tag="008">120814s2014    mauab    b    001 0 eng  </controlfield>
  <datafield tag="010" ind1=" " ind2=" ">
    <subfield code="a">  2012029866</subfield>
  </datafield>
  <datafield tag="020" ind1=" " ind2=" ">
    <subfield code="a">9780321878090</subfield>
  </datafield>
  <datafield tag="020" ind1=" " ind2=" ">
    <subfield code="a">0321819314 (hbk.)</subfield>
  </datafield>
  <datafield tag="040" ind1=" " ind2=" ">
    <subfield code="a">Ma-Un</subfield>
    <subfield code="b">eng</subfield>
  </datafield>
  <datafield tag="050" ind1="0" ind2="0">
    <subfield code="a">QR41.2</subfield>
    <subfield code="b">.B382 2014</subfield>
  </datafield>
  <datafield tag="082" ind1="0" ind2="0">
    <subfield code="a">616.9041</subfield>
    <subfield code="2">23</subfield>
  </datafield>
  <datafield tag="100" ind1="1" ind2=" ">
    <subfield code="a">Bauman, Robert W..</subfield>
    <subfield code="9">36593</subfield>
  </datafield>
  <datafield tag="245" ind1="1" ind2="0">
    <subfield code="a">Microbiology :</subfield>
    <subfield code="b">with diseases by taxonomy /</subfield>
    <subfield code="c">Robert W. Bauman ;  contributions by Elizabeth Machunis-Masuoka.</subfield>
  </datafield>
  <datafield tag="250" ind1=" " ind2=" ">
    <subfield code="a">4th ed.</subfield>
  </datafield>
  <datafield tag="260" ind1=" " ind2=" ">
    <subfield code="a">Boston :</subfield>
    <subfield code="b">Pearson,</subfield>
    <subfield code="c">c2014.</subfield>
  </datafield>
  <datafield tag="300" ind1=" " ind2=" ">
    <subfield code="a">1 v. (various pagings) :</subfield>
    <subfield code="b">ill. (chiefly col.), col. maps ;</subfield>
    <subfield code="c">29 cm.</subfield>
  </datafield>
  <datafield tag="504" ind1=" " ind2=" ">
    <subfield code="a">Includes bibliographical references (p. CR-1-CR-3) and index.</subfield>
  </datafield>
  <datafield tag="650" ind1=" " ind2="0">
    <subfield code="a">Microbiology.</subfield>
  </datafield>
  <datafield tag="650" ind1=" " ind2="0">
    <subfield code="a">Medical microbiology.</subfield>
  </datafield>
  <datafield tag="700" ind1="1" ind2=" ">
    <subfield code="a">Machunis-Masuoka, Elizabeth.</subfield>
    <subfield code="9">10604</subfield>
  </datafield>
  <datafield tag="942" ind1=" " ind2=" ">
    <subfield code="2">ddc</subfield>
    <subfield code="c">BOOK</subfield>
  </datafield>
  <datafield tag="999" ind1=" " ind2=" ">
    <subfield code="c">30501</subfield>
    <subfield code="d">265001</subfield>
  </datafield>
  <datafield tag="952" ind1=" " ind2=" ">
    <subfield code="1">0</subfield>
    <subfield code="2">2013-08-16</subfield>
    <subfield code="4">0</subfield>
    <subfield code="7">0</subfield>
    <subfield code="a">616.9041 BRM</subfield>
    <subfield code="c">1</subfield>
    <subfield code="d">2013-08-16</subfield>
    <subfield code="h">CL</subfield>
    <subfield code="i">00450456</subfield>
    <subfield code="m">CL</subfield>
    <subfield code="r">2013-08-16 00:00:00</subfield>
    <subfield code="t">BOOK</subfield>
    <subfield code="w">ddc</subfield>
    <subfield code="y">0</subfield>
  </datafield>
  <datafield tag="952" ind1=" " ind2=" ">
    <subfield code="1">0</subfield>
    <subfield code="2">2013-08-16</subfield>
    <subfield code="4">0</subfield>
    <subfield code="7">0</subfield>
    <subfield code="a">616.9041 BRM</subfield>
    <subfield code="c">2</subfield>
    <subfield code="d">2013-08-16</subfield>
    <subfield code="h">CL</subfield>
    <subfield code="i">00450458</subfield>
    <subfield code="m">CL</subfield>
    <subfield code="r">2013-08-16 00:00:00</subfield>
    <subfield code="t">BOOK</subfield>
    <subfield code="w">ddc</subfield>
    <subfield code="y">0</subfield>
  </datafield>
  <datafield tag="952" ind1=" " ind2=" ">
    <subfield code="1">0</subfield>
    <subfield code="2">2013-08-16</subfield>
    <subfield code="4">0</subfield>
    <subfield code="7">1</subfield>
    <subfield code="a">616.9041 BRM</subfield>
    <subfield code="c">3</subfield>
    <subfield code="d">2013-08-16</subfield>
    <subfield code="h">CL</subfield>
    <subfield code="i">00450457</subfield>
    <subfield code="m">CL</subfield>
    <subfield code="r">2013-08-16 00:00:00</subfield>
    <subfield code="t">BOOK</subfield>
    <subfield code="w">ddc</subfield>
    <subfield code="y">0</subfield>
  </datafield>
  <datafield tag="952" ind1=" " ind2=" ">
    <subfield code="1">0</subfield>
    <subfield code="2">2013-08-21</subfield>
    <subfield code="4">0</subfield>
    <subfield code="7">0</subfield>
    <subfield code="a">616.9041 BRM</subfield>
    <subfield code="c">1</subfield>
    <subfield code="d">2013-08-21</subfield>
    <subfield code="h">SZM</subfield>
    <subfield code="i">00450722</subfield>
    <subfield code="m">SZM</subfield>
    <subfield code="o">1</subfield>
    <subfield code="q">2014-03-09</subfield>
    <subfield code="r">2017-09-25 00:00:00</subfield>
    <subfield code="t">BOOK</subfield>
    <subfield code="w">ddc</subfield>
    <subfield code="y">1</subfield>
  </datafield>
  <datafield tag="952" ind1=" " ind2=" ">
    <subfield code="1">0</subfield>
    <subfield code="2">2013-08-21</subfield>
    <subfield code="4">0</subfield>
    <subfield code="7">0</subfield>
    <subfield code="a">616.9041 BRM</subfield>
    <subfield code="c">2</subfield>
    <subfield code="d">2013-08-21</subfield>
    <subfield code="h">SZM</subfield>
    <subfield code="i">00450455</subfield>
    <subfield code="m">SZM</subfield>
    <subfield code="q">2015-10-07</subfield>
    <subfield code="r">2015-10-19 00:00:00</subfield>
    <subfield code="t">BOOK</subfield>
    <subfield code="w">ddc</subfield>
    <subfield code="y">1</subfield>
  </datafield>
  <datafield tag="952" ind1=" " ind2=" ">
    <subfield code="1">0</subfield>
    <subfield code="2">2013-08-21</subfield>
    <subfield code="4">0</subfield>
    <subfield code="7">1</subfield>
    <subfield code="a">616.9041 BRM</subfield>
    <subfield code="c">3</subfield>
    <subfield code="d">2013-08-21</subfield>
    <subfield code="h">SZM</subfield>
    <subfield code="i">00450723</subfield>
    <subfield code="m">SZM</subfield>
    <subfield code="q">2015-10-14</subfield>
    <subfield code="r">2015-10-15 00:00:00</subfield>
    <subfield code="t">BOOK</subfield>
    <subfield code="w">ddc</subfield>
    <subfield code="y">1</subfield>
  </datafield>
  <datafield tag="952" ind1=" " ind2=" ">
    <subfield code="1">0</subfield>
    <subfield code="2">2014-05-11</subfield>
    <subfield code="4">0</subfield>
    <subfield code="7">1</subfield>
    <subfield code="a">616.9041 BRM</subfield>
    <subfield code="c">1</subfield>
    <subfield code="d">2014-05-11</subfield>
    <subfield code="e">&#x62F;&#x627;&#x631; &#x627;&#x644;&#x639;&#x631;&#x628;</subfield>
    <subfield code="h">AMF</subfield>
    <subfield code="i">00210440</subfield>
    <subfield code="m">AMF</subfield>
    <subfield code="q">2019-12-04</subfield>
    <subfield code="r">2022-09-04 00:00:00</subfield>
    <subfield code="t">BOOK</subfield>
    <subfield code="w">ddc</subfield>
    <subfield code="y">1</subfield>
  </datafield>
  <datafield tag="952" ind1=" " ind2=" ">
    <subfield code="1">0</subfield>
    <subfield code="2">2014-05-11</subfield>
    <subfield code="4">0</subfield>
    <subfield code="7">0</subfield>
    <subfield code="a">616.9041 BRM</subfield>
    <subfield code="c">2</subfield>
    <subfield code="d">2014-05-11</subfield>
    <subfield code="e">&#x62F;&#x627;&#x631; &#x627;&#x644;&#x639;&#x631;&#x628;</subfield>
    <subfield code="h">AMF</subfield>
    <subfield code="i">00210441</subfield>
    <subfield code="m">AMF</subfield>
    <subfield code="q">2020-02-10</subfield>
    <subfield code="r">2020-11-24 00:00:00</subfield>
    <subfield code="t">BOOK</subfield>
    <subfield code="w">ddc</subfield>
    <subfield code="y">1</subfield>
  </datafield>
  <datafield tag="952" ind1=" " ind2=" ">
    <subfield code="1">0</subfield>
    <subfield code="2">2014-05-11</subfield>
    <subfield code="4">0</subfield>
    <subfield code="7">1</subfield>
    <subfield code="a">616.9041 BRM</subfield>
    <subfield code="c">1</subfield>
    <subfield code="d">2014-05-11</subfield>
    <subfield code="e">&#x62F;&#x627;&#x631; &#x627;&#x644;&#x639;&#x631;&#x628;</subfield>
    <subfield code="h">IC</subfield>
    <subfield code="i">00210442</subfield>
    <subfield code="m">IC</subfield>
    <subfield code="r">2014-05-11 00:00:00</subfield>
    <subfield code="t">BOOK</subfield>
    <subfield code="w">ddc</subfield>
    <subfield code="y">0</subfield>
  </datafield>
  <datafield tag="952" ind1=" " ind2=" ">
    <subfield code="1">0</subfield>
    <subfield code="2">2014-05-11</subfield>
    <subfield code="4">0</subfield>
    <subfield code="7">0</subfield>
    <subfield code="a">616.9041 BRM</subfield>
    <subfield code="c">2</subfield>
    <subfield code="d">2014-05-11</subfield>
    <subfield code="e">&#x62F;&#x627;&#x631; &#x627;&#x644;&#x639;&#x631;&#x628;</subfield>
    <subfield code="h">IC</subfield>
    <subfield code="i">00210443</subfield>
    <subfield code="m">IC</subfield>
    <subfield code="r">2014-05-11 00:00:00</subfield>
    <subfield code="t">BOOK</subfield>
    <subfield code="w">ddc</subfield>
    <subfield code="y">0</subfield>
  </datafield>
</record>
